<?xml version="1.0" encoding="UTF-8"?>
<record
    xmlns:xsi="http://www.w3.org/2001/XMLSchema-instance"
    xsi:schemaLocation="http://www.loc.gov/MARC21/slim http://www.loc.gov/standards/marcxml/schema/MARC21slim.xsd"
    xmlns="http://www.loc.gov/MARC21/slim">

  <leader>00295nam a22001097a 4500</leader>
  <controlfield tag="008">230323b        |||||||| |||| 00| 0 eng d</controlfield>
  <datafield tag="022" ind1=" " ind2=" ">
    <subfield code="a">0971-4766</subfield>
  </datafield>
  <datafield tag="040" ind1=" " ind2=" ">
    <subfield code="a">National Science Library</subfield>
    <subfield code="c">National Science Library</subfield>
  </datafield>
  <datafield tag="245" ind1=" " ind2=" ">
    <subfield code="a">paper &amp; stationery samachar</subfield>
  </datafield>
  <datafield tag="260" ind1=" " ind2=" ">
    <subfield code="a">Bombay: </subfield>
    <subfield code="c">1998</subfield>
  </datafield>
  <datafield tag="942" ind1=" " ind2=" ">
    <subfield code="c">CR</subfield>
  </datafield>
  <datafield tag="999" ind1=" " ind2=" ">
    <subfield code="c">13007</subfield>
    <subfield code="d">13007</subfield>
  </datafield>
  <datafield tag="952" ind1=" " ind2=" ">
    <subfield code="0">0</subfield>
    <subfield code="1">0</subfield>
    <subfield code="3">Iss. 7-12, 1998</subfield>
    <subfield code="4">0</subfield>
    <subfield code="7">0</subfield>
    <subfield code="9">19368</subfield>
    <subfield code="a">NSL</subfield>
    <subfield code="b">NSL</subfield>
    <subfield code="c">FF/Rk-19/C-4/R-5</subfield>
    <subfield code="d">2001-01-25</subfield>
    <subfield code="l">0</subfield>
    <subfield code="p">148079</subfield>
    <subfield code="r">2023-03-23 00:00:00</subfield>
    <subfield code="w">2023-03-23</subfield>
    <subfield code="y">CR</subfield>
  </datafield>
  <datafield tag="952" ind1=" " ind2=" ">
    <subfield code="0">0</subfield>
    <subfield code="1">0</subfield>
    <subfield code="3">Iss. 7-12, 1999</subfield>
    <subfield code="4">0</subfield>
    <subfield code="7">0</subfield>
    <subfield code="9">19382</subfield>
    <subfield code="a">NSL</subfield>
    <subfield code="b">NSL</subfield>
    <subfield code="c">FF/Rk-19/C-4/R-5</subfield>
    <subfield code="d">2001-01-25</subfield>
    <subfield code="l">0</subfield>
    <subfield code="p">148077</subfield>
    <subfield code="r">2023-03-23 00:00:00</subfield>
    <subfield code="w">2023-03-23</subfield>
    <subfield code="y">CR</subfield>
  </datafield>
  <datafield tag="952" ind1=" " ind2=" ">
    <subfield code="0">0</subfield>
    <subfield code="1">0</subfield>
    <subfield code="3">Iss. 1-6, 1999</subfield>
    <subfield code="4">0</subfield>
    <subfield code="7">0</subfield>
    <subfield code="9">19387</subfield>
    <subfield code="a">NSL</subfield>
    <subfield code="b">NSL</subfield>
    <subfield code="c">FF/Rk-19/C-4/R-5</subfield>
    <subfield code="d">2001-01-25</subfield>
    <subfield code="l">0</subfield>
    <subfield code="p">148078</subfield>
    <subfield code="r">2023-03-23 00:00:00</subfield>
    <subfield code="w">2023-03-23</subfield>
    <subfield code="y">CR</subfield>
  </datafield>
  <datafield tag="952" ind1=" " ind2=" ">
    <subfield code="0">0</subfield>
    <subfield code="1">0</subfield>
    <subfield code="3">Iss. 1-6, 1998</subfield>
    <subfield code="4">0</subfield>
    <subfield code="7">0</subfield>
    <subfield code="9">19388</subfield>
    <subfield code="a">NSL</subfield>
    <subfield code="b">NSL</subfield>
    <subfield code="c">FF/Rk-19/C-4/R-5</subfield>
    <subfield code="d">2001-01-25</subfield>
    <subfield code="l">0</subfield>
    <subfield code="p">148080</subfield>
    <subfield code="r">2023-03-23 00:00:00</subfield>
    <subfield code="w">2023-03-23</subfield>
    <subfield code="y">CR</subfield>
  </datafield>
  <datafield tag="952" ind1=" " ind2=" ">
    <subfield code="0">0</subfield>
    <subfield code="1">0</subfield>
    <subfield code="3">Iss. 7-12, 1997</subfield>
    <subfield code="4">0</subfield>
    <subfield code="7">0</subfield>
    <subfield code="9">19390</subfield>
    <subfield code="a">NSL</subfield>
    <subfield code="b">NSL</subfield>
    <subfield code="c">FF/Rk-19/C-4/R-5</subfield>
    <subfield code="d">2001-01-25</subfield>
    <subfield code="l">0</subfield>
    <subfield code="p">148073</subfield>
    <subfield code="r">2023-03-23 00:00:00</subfield>
    <subfield code="w">2023-03-23</subfield>
    <subfield code="y">CR</subfield>
  </datafield>
  <datafield tag="952" ind1=" " ind2=" ">
    <subfield code="0">0</subfield>
    <subfield code="1">0</subfield>
    <subfield code="3">Iss. 1-6, 1997</subfield>
    <subfield code="4">0</subfield>
    <subfield code="7">0</subfield>
    <subfield code="9">19394</subfield>
    <subfield code="a">NSL</subfield>
    <subfield code="b">NSL</subfield>
    <subfield code="c">FF/Rk-19/C-4/R-5</subfield>
    <subfield code="d">2001-01-25</subfield>
    <subfield code="l">0</subfield>
    <subfield code="p">148074</subfield>
    <subfield code="r">2023-03-23 00:00:00</subfield>
    <subfield code="w">2023-03-23</subfield>
    <subfield code="y">CR</subfield>
  </datafield>
  <datafield tag="952" ind1=" " ind2=" ">
    <subfield code="0">0</subfield>
    <subfield code="1">0</subfield>
    <subfield code="3">Iss. 1-6, 1995</subfield>
    <subfield code="4">0</subfield>
    <subfield code="7">0</subfield>
    <subfield code="9">19400</subfield>
    <subfield code="a">NSL</subfield>
    <subfield code="b">NSL</subfield>
    <subfield code="c">FF/Rk-19/C-4/R-3</subfield>
    <subfield code="d">2001-01-25</subfield>
    <subfield code="l">0</subfield>
    <subfield code="p">148072</subfield>
    <subfield code="r">2023-03-23 00:00:00</subfield>
    <subfield code="w">2023-03-23</subfield>
    <subfield code="y">CR</subfield>
  </datafield>
  <datafield tag="952" ind1=" " ind2=" ">
    <subfield code="0">0</subfield>
    <subfield code="1">0</subfield>
    <subfield code="3">Iss. 3-7, 1994</subfield>
    <subfield code="4">0</subfield>
    <subfield code="7">0</subfield>
    <subfield code="9">19403</subfield>
    <subfield code="a">NSL</subfield>
    <subfield code="b">NSL</subfield>
    <subfield code="c">FF/Rk-19/C-4/R-3</subfield>
    <subfield code="d">2001-01-25</subfield>
    <subfield code="l">0</subfield>
    <subfield code="p">148069</subfield>
    <subfield code="r">2023-03-23 00:00:00</subfield>
    <subfield code="w">2023-03-23</subfield>
    <subfield code="y">CR</subfield>
  </datafield>
  <datafield tag="952" ind1=" " ind2=" ">
    <subfield code="0">0</subfield>
    <subfield code="1">0</subfield>
    <subfield code="3">Iss. 7-12, 1995</subfield>
    <subfield code="4">0</subfield>
    <subfield code="7">0</subfield>
    <subfield code="9">19407</subfield>
    <subfield code="a">NSL</subfield>
    <subfield code="b">NSL</subfield>
    <subfield code="c">FF/Rk-19/C-4/R-3</subfield>
    <subfield code="d">2001-01-25</subfield>
    <subfield code="l">0</subfield>
    <subfield code="p">148071</subfield>
    <subfield code="r">2023-03-23 00:00:00</subfield>
    <subfield code="w">2023-03-23</subfield>
    <subfield code="y">CR</subfield>
  </datafield>
  <datafield tag="952" ind1=" " ind2=" ">
    <subfield code="0">0</subfield>
    <subfield code="1">0</subfield>
    <subfield code="3">Iss. 7-12, 1996</subfield>
    <subfield code="4">0</subfield>
    <subfield code="7">0</subfield>
    <subfield code="9">19408</subfield>
    <subfield code="a">NSL</subfield>
    <subfield code="b">NSL</subfield>
    <subfield code="c">FF/Rk-19/C-4/R-3</subfield>
    <subfield code="d">2001-01-25</subfield>
    <subfield code="l">0</subfield>
    <subfield code="p">148075</subfield>
    <subfield code="r">2023-03-23 00:00:00</subfield>
    <subfield code="w">2023-03-23</subfield>
    <subfield code="y">CR</subfield>
  </datafield>
  <datafield tag="952" ind1=" " ind2=" ">
    <subfield code="0">0</subfield>
    <subfield code="1">0</subfield>
    <subfield code="3">Iss. 8-12, 1994</subfield>
    <subfield code="4">0</subfield>
    <subfield code="7">0</subfield>
    <subfield code="9">19412</subfield>
    <subfield code="a">NSL</subfield>
    <subfield code="b">NSL</subfield>
    <subfield code="c">FF/Rk-19/C-4/R-3</subfield>
    <subfield code="d">2001-01-25</subfield>
    <subfield code="l">0</subfield>
    <subfield code="p">148070</subfield>
    <subfield code="r">2023-03-23 00:00:00</subfield>
    <subfield code="w">2023-03-23</subfield>
    <subfield code="y">CR</subfield>
  </datafield>
  <datafield tag="952" ind1=" " ind2=" ">
    <subfield code="0">0</subfield>
    <subfield code="1">0</subfield>
    <subfield code="3">Iss. 1-6, 1996</subfield>
    <subfield code="4">0</subfield>
    <subfield code="7">0</subfield>
    <subfield code="9">19418</subfield>
    <subfield code="a">NSL</subfield>
    <subfield code="b">NSL</subfield>
    <subfield code="c">FF/Rk-19/C-4/R-3</subfield>
    <subfield code="d">2001-01-25</subfield>
    <subfield code="l">0</subfield>
    <subfield code="p">148076</subfield>
    <subfield code="r">2023-03-23 00:00:00</subfield>
    <subfield code="w">2023-03-23</subfield>
    <subfield code="y">CR</subfield>
  </datafield>
</record>
